Loading...
Basic engineering science, eng /
| Hovedforfatter: | |
|---|---|
| Andre forfattere: | |
| Sprog: | Undetermined |
| Udgivet: |
1965.
|
| Fag: |
| LEADER | 00469nam a2200157Ia 4500 | ||
|---|---|---|---|
| 001 | 18076 | ||
| 008 | 170722s9999 xx 000 0 und d | ||
| 100 | |a Morley, Arthur | ||
| 245 | |a Basic engineering science, eng / | ||
| 260 | |c 1965. | ||
| 653 | |a Engineering | ||
| 653 | |a Physics | ||
| 700 | |a Hughes, Edward | ||
| 942 | |c GEN | ||
| 999 | |c 73832 |d 73832 | ||
| 952 | |0 0 |1 0 |4 0 |6 COBD__C_6_000000000000000_K2 |7 0 |9 104662 |a LIB |b LIB |d 2013-03-25 |o CobD, C 6 K2 |p 124639 |r 2017-08-12 |w 2017-08-12 |y GEN | ||